Unidos por el ambiente : (Registro nro. 3786)

Detalles MARC
000 -CABECERA
Campo de control 00713nam a2200229 a 4500
005 - FECHA Y HORA DE LA ULTIMA TRANSACCION
Campo de control 20191224041713.0
008 - ELEMENTOS DE LONGITUD FIJA—INFORMACION GENERAL
Campo de control 140312s1995 ck a gr|||| 00| 0 spa d
040 ## - FUENTE DE CATALOGACIÓN
Agencia catalogadora original CO-BoIAVH
Agencia transcriptora CO-BoIAVH
041 ## - IDIOMA
Código de idioma para texto/pista de sonido o título separado Español
044 ## - PAÍS DE PUBLICACIÓN
País de publicación Colombia
090 ## - CLASIFICACIÓN LOCAL
Colección EA
Consecutivo 333
100 1# - ASIENTO PRINCIPAL--NOMBRE PERSONAL
Nombre personal Román , Celso
9 (RLIN) 20712
245 10 - MENCION DE TITULO
Título Unidos por el ambiente :
Parte restante del título cartilla de educación ambiental N° 1
260 ## - PUBLICACION, DISTRIBUCION, ETC. (PIE DE IMPRENTA)
Lugar de publicación, distribución, etc. Bogotá :
Nombre del editor, distribuidor, etc. OCENSA,
Fecha de publicación, distribución, etc. 1995.
300 ## - DESCRIPCION FISICA
Extensión 23 páginas :
Otros detalles físicos Ilustraciones ;
Dimensiones 28 x 21 cm.
650 #6 - ASIENTO SECUNDARIO DE MATERIA - TERMINO TEMATICO
Término temático o nombre geográfico como elemento de entrada Guías ambientales
9 (RLIN) 20406
650 #6 - ASIENTO SECUNDARIO DE MATERIA - TERMINO TEMATICO
Término temático o nombre geográfico como elemento de entrada Participación Ciudadana y Educacion Ambiental
9 (RLIN) 3021
650 #6 - ASIENTO SECUNDARIO DE MATERIA - TERMINO TEMATICO
Término temático o nombre geográfico como elemento de entrada Petróleo
9 (RLIN) 1173
700 1# - ASIENTO SECUNDARIO - NOMBRE PERSONAL
Nombre personal Calle, Fernando
9 (RLIN) 20713
700 1# - ASIENTO SECUNDARIO - NOMBRE PERSONAL
Nombre personal Segura, Ana Milena de
9 (RLIN) 50801
942 ## - ELEMENTOS ADICIONALES (KOHA)
Tipo de ítem Folleto
Sistema de clasificación Local
Existencias
Withdrawn status Lost status Sistema de Clasificación Damaged status No para préstamo Colección Inventariado Ubicación Permanente Ubicación actual Fecha de adquisición Total Checkouts Número topográfico Inventario / Código de Barras Date last seen Ejemplar Price effective from Forma de adquisición Tipo de material
    Local     Educación Ambiental Inventariado 2017 Sala Fabio Quevedo Sala Fabio Quevedo 26/03/2004   EA-333 015702 04/12/2012 Ej. 1 04/12/2012   Folleto